[Event "Arco op 45th"]
[Site "Arco"]
[Date "2023.10.10"]
[Round "4"]
[White "Cardilli, Mariano"]
[Black "Eschweiler, Markus"]
[Result "1/2-1/2"]
[WhiteElo "2008"]
[BlackElo "1632"]
[PlyCount "60"]
[EventDate "2023.10.07"]
[EventType "swiss"]
[EventRounds "9"]
[EventCountry "ITA"]
[SourceTitle "Mega2024 Update 01"]
[Source "Chessbase"]
[SourceDate "2023.11.12"]
[SourceVersion "1"]
[SourceVersionDate "2023.11.12"]
[SourceQuality "1"]

1. d4 Nf6 2. c4 e6 3. Nc3 b6 4. e4 d6 5. Bd3 Bb7 6. Nge2 Nbd7 7. 0-0 Be7 8. f4 0-0 9. Qc2 h6 10. Bd2 e5 11. fxe5 dxe5 12. d5 Nc5 13. Ng3 Nxd3 14. Qxd3 Nh7 15. Nf5 Bg5 16. Qg3 Qf6 17. Rad1 Bxd2 18. Rxd2 Rae8 19. Rd3 Bc8 20. d6 Bxf5 21. Rxf5 Qd8 22. Rxe5 cxd6 23. Red5 Qc7 24. b3 Nf6 25. R5d4 Re6 26. Nd5 Nxd5 27. Rxd5 Rxe4 28. Qxd6 Qxd6 29. Rxd6 Rfe8 30. Rd8 Kf8 1/2-1/2

[Event "Harburg-chC 14th"]
[Site "Hamburg"]
[Date "2019.07.26"]
[Round "1.3"]
[White "Floren, Dieter"]
[Black "Eschweiler, Markus"]
[Result "0-1"]
[WhiteElo "1713"]
[BlackElo "1648"]
[PlyCount "94"]
[EventDate "2019.07.26"]
[EventType "tourn"]
[EventRounds "5"]
[EventCountry "GER"]
[SourceTitle "EXT 2020"]
[Source "ChessBase"]
[SourceDate "2019.10.17"]
[SourceVersion "1"]
[SourceVersionDate "2019.10.17"]
[SourceQuality "1"]

1. e4 d5 2. exd5 Qxd5 3. Nc3 Qa5 4. d4 c6 5. Nf3 Bf5 6. Be2 Nf6 7. Bd2 Qb6 8. Na4 Qc7 9. c4 e6 10. h3 h6 11. a3 Be7 12. Rc1 Nbd7 13. Be3 0-0 14. 0-0 Rfe8 15. Qd2 Rad8 16. Nc3 e5 17. d5 Nc5 18. Qd1 cxd5 19. cxd5 Qb8 20. b4 Nce4 21. Bc4 Nxc3 22. Rxc3 Be4 23. Qb3 Nxd5 24. Rcc1 Bxf3 25. gxf3 Qd6 26. Rfe1 Qg6+ 27. Kh2 Nxe3 28. Rxe3 Bg5 29. Rg1 Bf4+ 30. Kh1 Qh5 31. Bf1 Bxe3 32. Qxe3 Rd1 33. Bg2 Red8 34. Rxd1 Rxd1+ 35. Kh2 Qf5 36. f4 Qxf4+ 37. Qxf4 exf4 38. Bxb7 Ra1 39. b5 Rxa3 40. Kg2 g5 41. Bc8 Kf8 42. Bd7 Ke7 43. Bc6 Kd6 44. Be8 f6 45. Bh5 Kc5 46. Be8 Rb3 47. h4 Rxb5 0-1

[Event "Arco op 38th"]
[Site "Arco"]
[Date "2016.10.09"]
[Round "2"]
[White "Eschweiler, Markus"]
[Black "Schneider, Johannes1111"]
[Result "1/2-1/2"]
[WhiteElo "1733"]
[BlackElo "1867"]
[PlyCount "30"]
[EventDate "2016.10.08"]
[EventType "swiss"]
[EventRounds "9"]
[EventCountry "ITA"]
[SourceTitle "EXT 2017"]
[Source "ChessBase"]
[SourceDate "2016.10.25"]
[SourceVersion "1"]
[SourceVersionDate "2016.10.25"]
[SourceQuality "1"]

1. c4 e5 2. Nc3 Nf6 3. Nf3 Nc6 4. e3 d5 5. d4 exd4 6. exd4 Bg4 7. cxd5 Nxd5 8. Be2 Bb4 9. Bd2 0-0 10. 0-0 Re8 11. h3 Bh5 12. a3 Ba5 13. Nxd5 Qxd5 14. Bxa5 Nxa5 15. Rc1 Rad8 1/2-1/2